[Event "Quebec op U2400"]
[Site "Montreal CAN"]
[Date "2008.07.21"]
[Round "3"]
[White "Bluvshtein, Ilia"]
[Black "Peev, Pavel"]
[Result "1/2-1/2"]
[WhiteElo "2117"]
[BlackElo "1899"]
[PlyCount "108"]
[GameId "2160767910353668"]
[EventDate "2008.07.19"]
[EventType "swiss"]
[EventRounds "9"]
[EventCountry "CAN"]
[SourceTitle "EXT 2011"]
[Source "ChessBase"]
[SourceDate "2011.11.26"]
[SourceVersion "1"]
[SourceVersionDate "2011.11.26"]
[SourceQuality "1"]

1. e4 c5 2. Nf3 d6 3. d4 cxd4 4. Nxd4 Nf6 5. Nc3 g6 6. Be3 Bg7 7. f3 Nc6 8. Bc4 Bd7 9. Qd2 O-O 10. O-O-O Rc8 11. Bb3 Nxd4 12. Bxd4 b5 13. e5 dxe5 14. Bxe5 Qa5 15. Kb1 b4 16. Bxf6 bxc3 17. Bxc3 Bxc3 18. Qxd7 Bf6 19. Qd5 Qb6 20. h4 a5 21. Qe4 Ra8 22. a4 Rad8 23. h5 e6 24. hxg6 hxg6 25. f4 Rxd1+ 26. Rxd1 Rd8 27. Rxd8+ Qxd8 28. c3 Qb6 29. Ka2 Be7 30. g4 Qc5 31. Bc2 Qd5+ 32. Qxd5 exd5 33. Bb3 d4 34. cxd4 Bb4 35. Bc2 Kf8 36. Kb3 Ke7 37. Kc4 Kd6 38. Kd3 f6 39. Ke4 Bd2 40. Bd3 g5 41. f5 Bb4 42. Bc4 Be1 43. Bg8 Bb4 44. Kd3 Be1 45. Kc4 Kc6 46. Bf7 Bd2 47. Bd5+ Kd6 48. Bf3 Bb4 49. Kb5 Ke7 50. Kc6 Bd6 51. Bd5 Bb4 52. Bc4 Bd6 53. Kb7 Bb4 54. Kc8 Bd6 1/2-1/2

[Event "Quebec op U2400"]
[Site "Montreal CAN"]
[Date "2008.07.21"]
[Round "3"]
[White "Fareh, Youness"]
[Black "Bolvary, Tamara"]
[Result "1/2-1/2"]
[WhiteElo "2178"]
[BlackElo "2046"]
[PlyCount "138"]
[GameId "2160767910353669"]
[EventDate "2008.07.19"]
[EventType "swiss"]
[EventRounds "9"]
[EventCountry "CAN"]
[SourceTitle "EXT 2011"]
[Source "ChessBase"]
[SourceDate "2011.11.26"]
[SourceVersion "1"]
[SourceVersionDate "2011.11.26"]
[SourceQuality "1"]

1. Nf3 d5 2. c4 c6 3. d4 Nf6 4. g3 Bg4 5. Ne5 Be6 6. b3 g6 7. Bg2 Nbd7 8. O-O Bg7 9. cxd5 Bxd5 10. Nxd7 Qxd7 11. f3 Rd8 12. Bb2 Be6 13. Na3 Bh3 14. Qd3 Bxg2 15. Kxg2 O-O 16. Rad1 h5 17. h4 Nh7 18. Nc4 Rfe8 19. Ne5 Qc7 20. Qc4 e6 21. b4 Qe7 22. Qc5 Nf8 23. a3 f6 24. Nd3 a6 25. Qxe7 Rxe7 26. Nc5 b6 27. Nxa6 Ra7 28. b5 cxb5 29. Nb4 Rc7 30. d5 exd5 31. Nxd5 Rcd7 32. Bxf6 Re8 33. Bxg7 Rxe2+ 34. Rf2 Rxf2+ 35. Kxf2 Kxg7 36. Ke2 Rd6 37. Nc7 Rc6 38. Nxb5 Ne6 39. Nd4 Nxd4+ 40. Rxd4 Rc3 41. Rd3 Rc4 42. Kd2 Rc6 43. Rc3 Re6 44. Kd3 Re5 45. Rc7+ Kh6 46. a4 Rf5 47. Ke3 Ra5 48. Rc4 b5 49. axb5 Rxb5 50. Rd4 Rb3+ 51. Kf4 Ra3 52. g4 hxg4 53. Kxg4 Ra5 54. Re4 Rb5 55. Rf4 Ra5 56. Rf6 Ra4+ 57. Rf4 Ra5 58. Re4 Rb5 59. Re6 Rb4+ 60. f4 Rb5 61. Re5 Rb1 62. Rg5 Rg1+ 63. Kf3 Rb1 64. Kg3 Rg1+ 65. Kf2 Rh1 66. Rg4 Kh5 67. Rg5+ Kh6 68. Rg4 Kh5 69. Rg5+ Kh6 1/2-1/2

[Event "Quebec op U2400"]
[Site "Montreal CAN"]
[Date "2008.07.21"]
[Round "3"]
[White "Gluckie, Jamin"]
[Black "MacKinnon, Keith"]
[Result "0-1"]
[WhiteElo "2114"]
[BlackElo "2029"]
[PlyCount "72"]
[GameId "2160767910353670"]
[EventDate "2008.07.19"]
[EventType "swiss"]
[EventRounds "9"]
[EventCountry "CAN"]
[SourceTitle "EXT 2011"]
[Source "ChessBase"]
[SourceDate "2011.11.26"]
[SourceVersion "1"]
[SourceVersionDate "2011.11.26"]
[SourceQuality "1"]

1. d4 Nf6 2. c4 c5 3. d5 b5 4. cxb5 a6 5. bxa6 g6 6. Nc3 Bxa6 7. Nf3 d6 8. g3 Bg7 9. Bg2 Nbd7 10. Rb1 O-O 11. O-O Nb6 12. b3 Qc7 13. Bb2 Rfb8 14. Ba1 Nbd7 15. h3 Qa5 16. Nd2 Ne8 17. Qc2 Nc7 18. Rfe1 Nb5 19. Nxb5 Bxb5 20. Bxg7 Kxg7 21. a4 Ba6 22. e4 Ne5 23. f4 Nd3 24. Re3 Rb4 25. Bf1 c4 26. Nxc4 Bxc4 27. bxc4 Qc5 28. Qxd3 Rxb1 29. Kf2 Rb4 30. Kf3 Rbxa4 31. e5 Ra1 32. exd6 R8a3 33. dxe7 Rxf1+ 34. Ke2 Rxd3 35. Kxd3 Rd1+ 36. Ke2 Re1+ 0-1

[Event "Quebec op U2400"]
[Site "Montreal CAN"]
[Date "2008.07.21"]
[Round "3"]
[White "Groleau, Gilles"]
[Black "Le Duin, Thierry"]
[Result "1/2-1/2"]
[WhiteElo "1930"]
[BlackElo "2096"]
[PlyCount "107"]
[GameId "2160767910353671"]
[EventDate "2008.07.19"]
[EventType "swiss"]
[EventRounds "9"]
[EventCountry "CAN"]
[SourceTitle "EXT 2011"]
[Source "ChessBase"]
[SourceDate "2011.11.26"]
[SourceVersion "1"]
[SourceVersionDate "2011.11.26"]
[SourceQuality "1"]

1. e4 d5 2. exd5 Nf6 3. d4 Bg4 4. Be2 Bxe2 5. Qxe2 Qxd5 6. Nf3 e6 7. Nc3 Qh5 8. Qb5+ Qxb5 9. Nxb5 Na6 10. Bf4 c6 11. Nd6+ Bxd6 12. Bxd6 O-O-O 13. Be7 Rd7 14. Bxf6 gxf6 15. O-O Rg8 16. c3 Rd5 17. b4 Rf5 18. Kh1 Nc7 19. c4 Rf4 20. a4 e5 21. dxe5 Rxc4 22. b5 cxb5 23. axb5 Nxb5 24. exf6 a6 25. Ne5 Rf4 26. Rac1+ Kb8 27. g3 Rf5 28. f4 Ka7 29. Nxf7 Rxf6 30. Ng5 h6 31. Nf3 Re8 32. Rfe1 Rxe1+ 33. Rxe1 a5 34. Kg2 a4 35. Ra1 a3 36. Ne5 Ra6 37. f5 Kb8 38. f6 Kc7 39. f7 Rf6 40. g4 Kd6 41. Nc4+ Kc5 42. Nxa3 Rxf7 43. Rc1+ Kb4 44. Rb1+ Kxa3 45. Rxb5 Ka4 46. Rb6 Rh7 47. h4 Ka5 48. Rb1 b5 49. Kg3 b4 50. Kf4 Ka4 51. Kf5 Rg7 52. g5 hxg5 53. hxg5 Ka3 54. Kf6 1/2-1/2

[Event "Quebec op U2400"]
[Site "Montreal CAN"]
[Date "2008.07.21"]
[Round "3"]
[White "Gueorguiev, Valentin"]
[Black "Gordon, David"]
[Result "1/2-1/2"]
[WhiteElo "1653"]
[BlackElo "2236"]
[PlyCount "146"]
[GameId "2160767910353672"]
[EventDate "2008.07.19"]
[EventType "swiss"]
[EventRounds "9"]
[EventCountry "CAN"]
[SourceTitle "EXT 2011"]
[Source "ChessBase"]
[SourceDate "2011.11.26"]
[SourceVersion "1"]
[SourceVersionDate "2011.11.26"]
[SourceQuality "1"]

1. c4 b6 2. Nf3 Bb7 3. b3 Nf6 4. Bb2 e6 5. d3 d5 6. Nbd2 Nbd7 7. g3 c5 8. cxd5 exd5 9. d4 Bd6 10. Bg2 O-O 11. O-O Rc8 12. Rc1 a5 13. a4 Re8 14. Nh4 Ba6 15. Re1 cxd4 16. Rxc8 Qxc8 17. Bxd4 Bb4 18. Bh3 Ne4 19. Nxe4 Rxe4 20. e3 Bxe1 21. Qxe1 Qe8 22. Nf5 Qe6 23. f3 Ne5 24. Kg2 Nxf3 25. Kxf3 Rxd4 26. Nxd4 Qxh3 27. Qf2 Bd3 28. Qg1 h5 29. Kf2 Be4 30. Ke1 Qc8 31. Qf1 Qc3+ 32. Kf2 Bd3 33. Qe1 Qb2+ 34. Kg1 g5 35. Qd1 Be4 36. Qe2 Qc1+ 37. Kf2 g4 38. Qe1 Qc5 39. Qd2 Qe7 40. Ke1 h4 41. gxh4 Qxh4+ 42. Qf2 Qg5 43. Qg3 Qg6 44. Qe5 Kh7 45. Qg3 Kg7 46. Qc7 Qf6 47. Qg3 Qg6 48. Qc7 Kh6 49. Qg3 Kh5 50. Ne2 Qg5 51. Nf4+ Kh6 52. Ne2 Bf3 53. Nf4 Qf6 54. Kf1 Qa1+ 55. Qe1 Qxe1+ 56. Kxe1 Kg5 57. Kf2 Kf5 58. h3 gxh3 59. Kxf3 h2 60. Kg2 Ke4 61. Kxh2 d4 62. Kg2 f5 63. Kf2 dxe3+ 64. Kg3 Kd4 65. Kf3 Kc3 66. Nd5+ Kxb3 67. Nxb6 f4 68. Ke2 Kb4 69. Nd5+ Kxa4 70. Nxf4 Kb3 71. Nd3 Kc3 72. Nc5 Kc4 73. Kxe3 Kxc5 1/2-1/2

[Event "Quebec op U2400"]
[Site "Montreal CAN"]
[Date "2008.07.21"]
[Round "3"]
[White "Hambleton, Aman"]
[Black "Robichaud, Louis"]
[Result "1/2-1/2"]
[WhiteElo "2012"]
[BlackElo "2129"]
[PlyCount "114"]
[GameId "2160767910353673"]
[EventDate "2008.07.19"]
[EventType "swiss"]
[EventRounds "9"]
[EventCountry "CAN"]
[SourceTitle "EXT 2011"]
[Source "ChessBase"]
[SourceDate "2011.11.26"]
[SourceVersion "1"]
[SourceVersionDate "2011.11.26"]
[SourceQuality "1"]

1. d4 Nf6 2. c4 g6 3. Nc3 Bg7 4. e4 d6 5. f3 O-O 6. Be3 c5 7. dxc5 dxc5 8. Qxd8 Rxd8 9. Bxc5 Nc6 10. Nd5 Nxd5 11. cxd5 Bxb2 12. Rb1 Bc3+ 13. Kf2 Bd4+ 14. Bxd4 Nxd4 15. Ke3 e5 16. Ne2 Nxe2 17. Bxe2 Kf8 18. Rhc1 Ke7 19. Rc7+ Rd7 20. Rbc1 Kd8 21. R7c3 Rd6 22. f4 f6 23. fxe5 fxe5 24. Rc7 Rd7 25. d6 a6 26. Rxd7+ Bxd7 27. Rc7 Rb8 28. Rc5 Be6 29. Rxe5 Kd7 30. a4 Kxd6 31. Kd4 Rd8 32. a5 Ke7+ 33. Ke3 Kd6 34. Rg5 Rc8 35. h4 Bf7 36. Bd3 h6 37. e5+ Ke7 38. Rg4 Rc5 39. Rb4 Rxe5+ 40. Kf4 Rxa5 41. Rxb7+ Kf6 42. Rb6+ Be6 43. Bc4 Rf5+ 44. Kg3 Re5 45. Rxa6 g5 46. Rxe6+ Rxe6 47. hxg5+ hxg5 48. Bxe6 Kxe6 49. Kg4 Kf6 50. Kh5 Kf5 51. g3 Kf6 52. g4 Kf7 53. Kh6 Kf6 54. Kh7 Kf7 55. Kh6 Kf6 56. Kh5 Kf7 57. Kxg5 Kg7 1/2-1/2

[Event "Quebec op U2400"]
[Site "Montreal CAN"]
[Date "2008.07.21"]
[Round "3"]
[White "Hayder, Ali"]
[Black "Courval, Francois"]
[Result "1-0"]
[WhiteElo "2095"]
[BlackElo "1966"]
[PlyCount "77"]
[GameId "2160767910353674"]
[EventDate "2008.07.19"]
[EventType "swiss"]
[EventRounds "9"]
[EventCountry "CAN"]
[SourceTitle "EXT 2011"]
[Source "ChessBase"]
[SourceDate "2011.11.26"]
[SourceVersion "1"]
[SourceVersionDate "2011.11.26"]
[SourceQuality "1"]

1. d4 f5 2. Nf3 Nf6 3. Bg5 e6 4. e3 Be7 5. c4 O-O 6. Nc3 b6 7. Bxf6 Bxf6 8. Bd3 Bb7 9. Qe2 g6 10. e4 fxe4 11. Bxe4 Bxe4 12. Qxe4 Nc6 13. h4 Qe7 14. O-O-O Qg7 15. h5 g5 16. h6 Qg6 17. Qg4 Qf5 18. Qxf5 exf5 19. Nd5 g4 20. Nxf6+ Rxf6 21. Ne5 Rd6 22. Rh5 Nxe5 23. dxe5 Rxd1+ 24. Kxd1 Rf8 25. Rg5+ Kf7 26. Rxf5+ Ke7 27. Rxf8 Kxf8 28. Ke2 Kf7 29. Ke3 g3 30. f4 Kg6 31. Kf3 Kxh6 32. Kxg3 Kg6 33. Kf3 h5 34. Ke4 h4 35. f5+ Kg5 36. e6 dxe6 37. fxe6 Kf6 38. Kd5 Ke7 39. b4 1-0

[Event "Quebec op U2400"]
[Site "Montreal CAN"]
[Date "2008.07.21"]
[Round "3"]
[White "Keith-Jacques, Liam"]
[Black "Mai, Lloyd"]
[Result "1/2-1/2"]
[WhiteElo "2040"]
[BlackElo "2179"]
[PlyCount "95"]
[GameId "2160767910353676"]
[EventDate "2008.07.19"]
[EventType "swiss"]
[EventRounds "9"]
[EventCountry "CAN"]
[SourceTitle "EXT 2011"]
[Source "ChessBase"]
[SourceDate "2011.11.26"]
[SourceVersion "1"]
[SourceVersionDate "2011.11.26"]
[SourceQuality "1"]

1. e4 c5 2. Nf3 d6 3. d4 cxd4 4. Nxd4 Nf6 5. Nc3 g6 6. Be3 Bg7 7. f3 O-O 8. Qd2 Nc6 9. Bc4 Bd7 10. O-O-O Rc8 11. Bb3 Ne5 12. h4 h5 13. Bh6 Bxh6 14. Qxh6 Rxc3 15. bxc3 Qc7 16. Kb1 a5 17. f4 Nfg4 18. Qg5 a4 19. fxe5 axb3 20. cxb3 Nxe5 21. Qxe7 Qxc3 22. Qg5 Re8 23. Ne2 Qc5 24. Nf4 Bg4 25. Rc1 Qd4 26. Rhe1 Nd3 27. Nxd3 Qxd3+ 28. Ka1 Qd4+ 29. Kb1 Rxe4 30. Rxe4 Qxe4+ 31. Kb2 Qxg2+ 32. Rc2 Qg3 33. Qd8+ Kg7 34. Rc7 Qe5+ 35. Ka3 Qa5+ 36. Kb2 Qd2+ 37. Ka3 b5 38. Qe7 Be6 39. Rb7 Qa5+ 40. Kb2 Bd5 41. Rb8 Qd2+ 42. Kb1 Qd1+ 43. Kb2 Qd4+ 44. Ka3 Qc5+ 45. Kb2 Bc6 46. Qd8 Qe5+ 47. Ka3 Qc5+ 48. Kb2 1/2-1/2

[Event "Quebec op U2400"]
[Site "Montreal CAN"]
[Date "2008.07.21"]
[Round "3"]
[White "Laptos, Krzysztof"]
[Black "Me, Kevin"]
[Result "0-1"]
[WhiteElo "2235"]
[BlackElo "1880"]
[PlyCount "94"]
[GameId "2160767910353677"]
[EventDate "2008.07.19"]
[EventType "swiss"]
[EventRounds "9"]
[EventCountry "CAN"]
[SourceTitle "EXT 2011"]
[Source "ChessBase"]
[SourceDate "2011.11.26"]
[SourceVersion "1"]
[SourceVersionDate "2011.11.26"]
[SourceQuality "1"]

1. b3 d5 2. Bb2 c5 3. e3 Nc6 4. f4 Qc7 5. Nf3 Nf6 6. Bb5 Bd7 7. O-O e6 8. d3 a6 9. Bxc6 Bxc6 10. Qe1 Be7 11. Nbd2 O-O 12. Qg3 Rad8 13. Be5 Qa5 14. a4 Ne8 15. Qh3 Bd7 16. e4 f6 17. Bb2 Nd6 18. Rae1 c4 19. dxc4 dxe4 20. Nxe4 e5 21. Qg3 Nf5 22. Qf2 Bc6 23. Kh1 exf4 24. Nd4 Ne3 25. Nxc6 bxc6 26. Bc3 Qh5 27. Qxf4 Nxf1 28. Qxf1 f5 29. Ng3 Qf7 30. Qf3 c5 31. Nh5 g6 32. Nf4 Rd7 33. Nd5 Re8 34. h3 Bh4 35. Rd1 Qe6 36. g3 Bd8 37. Re1 Qf7 38. Be5 Re6 39. Nf4 Re8 40. Nd5 Re6 41. Qc3 Qe8 42. Re2 Bc7 43. Bxc7 Rxd5 44. Rxe6 Rd1+ 45. Kg2 Qxe6 46. Qf3 Qe1 47. Qa8+ Kf7 0-1

[Event "Quebec op U2400"]
[Site "Montreal CAN"]
[Date "2008.07.21"]
[Round "3"]
[White "Plotkin, Victor"]
[Black "Barron, Michael"]
[Result "1-0"]
[WhiteElo "2202"]
[BlackElo "2251"]
[PlyCount "149"]
[GameId "2160767910353679"]
[EventDate "2008.07.19"]
[EventType "swiss"]
[EventRounds "9"]
[EventCountry "CAN"]
[SourceTitle "EXT 2011"]
[Source "ChessBase"]
[SourceDate "2011.11.26"]
[SourceVersion "1"]
[SourceVersionDate "2011.11.26"]
[SourceQuality "1"]

1. e4 e5 2. Nf3 Nc6 3. Nc3 Nf6 4. Bb5 Bb4 5. O-O O-O 6. d3 d6 7. Bg5 Bxc3 8. bxc3 h6 9. Bh4 Bg4 10. h3 Bxf3 11. Qxf3 g5 12. Bg3 Kg7 13. d4 Qe7 14. Rfe1 Rad8 15. Rab1 Nb8 16. h4 c6 17. Bd3 b6 18. Qf5 Nfd7 19. f3 Qf6 20. Qxf6+ Kxf6 21. Bf2 Rfe8 22. g3 Rg8 23. Kg2 Nf8 24. Rh1 Ng6 25. hxg5+ hxg5 26. Rh6 Nd7 27. Be3 Rh8 28. Rxh8 Rxh8 29. Rb3 Rc8 30. Rb1 Rh8 31. a4 Rc8 32. a5 c5 33. Bb5 Ndf8 34. dxe5+ dxe5 35. Ra1 Rc7 36. a6 Ne6 37. Rh1 Ngf8 38. Rd1 Rc8 39. Bc4 Rd8 40. Rh1 Kg7 41. Kh3 Kg6 42. Kg4 Nd7 43. Kh3 Nf6 44. Kg2 Nc7 45. Rb1 Rd6 46. Bd3 Nd7 47. f4 gxf4 48. gxf4 f6 49. f5+ Kf7 50. Bc4+ Ke7 51. Rh1 Nf8 52. Rh8 Rd8 53. Kf3 Nd7 54. Rh7+ Kd6 55. Kg4 Kc6 56. Bh6 b5 57. Be6 Nxa6 58. Rf7 Nab8 59. Bg7 c4 60. Bxf6 Nxf6+ 61. Rxf6 Kc5 62. Rh6 a5 63. f6 a4 64. Rh1 Nc6 65. Kf5 Rd2 66. Bd5 Rxc2 67. Bxc6 Rxc3 68. Rf1 Rh3 69. f7 Rh8 70. Bxb5 Kxb5 71. Kxe5 Rf8 72. Kf6 c3 73. e5 c2 74. e6 Rc8 75. e7 1-0

[Event "Quebec op U2400"]
[Site "Montreal CAN"]
[Date "2008.07.21"]
[Round "3"]
[White "Tot, Nandor"]
[Black "Luksza, Arkadiusz"]
[Result "0-1"]
[WhiteElo "1959"]
[BlackElo "2129"]
[PlyCount "100"]
[GameId "2160767910353680"]
[EventDate "2008.07.19"]
[EventType "swiss"]
[EventRounds "9"]
[EventCountry "CAN"]
[SourceTitle "EXT 2011"]
[Source "ChessBase"]
[SourceDate "2011.11.26"]
[SourceVersion "1"]
[SourceVersionDate "2011.11.26"]
[SourceQuality "1"]

1. Nf3 e6 2. c4 f5 3. d4 Nf6 4. Nc3 d5 5. Bf4 c6 6. e3 Be7 7. Bd3 O-O 8. O-O Nbd7 9. Ng5 Nb8 10. Rc1 Qe8 11. Qa4 Ne4 12. Nf3 Nd7 13. Bc7 Bd8 14. Bxd8 Qxd8 15. cxd5 exd5 16. b4 a6 17. Qb3 Kh8 18. a4 g5 19. Bxe4 fxe4 20. Nd2 Nf6 21. f3 exf3 22. Nxf3 Ng4 23. Ne5 Nxe5 24. dxe5 Bf5 25. b5 axb5 26. axb5 Qe7 27. bxc6 bxc6 28. Na4 Be4 29. Rxf8+ Rxf8 30. Qb2 Kg8 31. Rxc6 Qd7 32. Ra6 Bd3 33. Rf6 Rxf6 34. exf6 Qxa4 35. Qe5 Qd1+ 36. Kf2 Qe2+ 37. Kg3 Qe1+ 38. Kg4 Qh4+ 39. Kf3 Qe4+ 40. Qxe4 Bxe4+ 41. Kg4 Kf7 42. Kxg5 Bxg2 43. h4 Bf3 44. Kf4 Be4 45. Kg5 Bg6 46. h5 Bxh5 47. Kxh5 Kxf6 48. Kg4 Ke5 49. Kf3 h5 50. Kg3 Ke4 0-1

[Event "Quebec op U2400"]
[Site "Montreal CAN"]
[Date "2008.07.21"]
[Round "3"]
[White "Voskanyan, Vahagn"]
[Black "Roy, Alain"]
[Result "1-0"]
[WhiteElo "2253"]
[BlackElo "2140"]
[PlyCount "75"]
[GameId "2160767910353681"]
[EventDate "2008.07.19"]
[EventType "swiss"]
[EventRounds "9"]
[EventCountry "CAN"]
[SourceTitle "EXT 2011"]
[Source "ChessBase"]
[SourceDate "2011.11.26"]
[SourceVersion "1"]
[SourceVersionDate "2011.11.26"]
[SourceQuality "1"]

1. e4 d6 2. d4 Nf6 3. Nc3 g6 4. Nf3 Bg7 5. Bc4 O-O 6. Bb3 Nc6 7. Be3 Na5 8. h3 Nxb3 9. axb3 b6 10. O-O Bb7 11. d5 e5 12. Qd2 Nh5 13. g4 Nf6 14. Bh6 c6 15. dxc6 Bxc6 16. Rfe1 Qd7 17. Nh4 Ne8 18. Rad1 Qe7 19. Bxg7 Kxg7 20. Ng2 f5 21. Nd5 Qf7 22. gxf5 gxf5 23. Qg5+ Qg6 24. Qh4 Bxd5 25. Rxd5 Rc8 26. c4 fxe4 27. Kh1 Kh8 28. Rdd1 Rg8 29. Qxe4 Qh6 30. Qe3 Qh5 31. f4 Ng7 32. Rxd6 Rce8 33. Qc3 exf4 34. Rxe8 Qxe8 35. Nxf4 Qe4+ 36. Ng2 Re8 37. Rd7 Re7 38. Qf6 1-0

[Event "Quebec op U2400"]
[Site "Montreal CAN"]
[Date "2008.07.22"]
[Round "4"]
[White "Audet-Bouchard, Nicolas"]
[Black "Plotkin, Victor"]
[Result "1/2-1/2"]
[WhiteElo "2154"]
[BlackElo "2202"]
[PlyCount "91"]
[GameId "2160767910353682"]
[EventDate "2008.07.19"]
[EventType "swiss"]
[EventRounds "9"]
[EventCountry "CAN"]
[SourceTitle "EXT 2011"]
[Source "ChessBase"]
[SourceDate "2011.11.26"]
[SourceVersion "1"]
[SourceVersionDate "2011.11.26"]
[SourceQuality "1"]

1. e4 e5 2. Nf3 Nf6 3. Nxe5 d6 4. Nf3 Nxe4 5. Nc3 Nf6 6. d4 Be7 7. Bf4 O-O 8. Qd2 d5 9. O-O-O Bb4 10. Bg5 c6 11. Bd3 Nbd7 12. a3 Bd6 13. Ne2 Qc7 14. Ng3 c5 15. Nf5 c4 16. Nxd6 Qxd6 17. Bf5 Nb6 18. Bxc8 Raxc8 19. Qf4 Qxf4+ 20. Bxf4 Ne4 21. Rhf1 Rfe8 22. c3 Nd7 23. Ng1 Nf8 24. f3 Nf6 25. Rde1 Ne6 26. Bd2 b5 27. Ne2 a5 28. g4 Nd7 29. h3 Nb8 30. f4 Nc7 31. f5 Nba6 32. Nf4 f6 33. h4 Kf7 34. g5 Rxe1+ 35. Rxe1 Re8 36. g6+ hxg6 37. fxg6+ Kf8 38. Rxe8+ Kxe8 39. h5 Nb8 40. h6 gxh6 41. Nh5 Nd7 42. Ng7+ Ke7 43. Nf5+ Ke6 44. Ng7+ Ke7 45. Nf5+ Ke6 46. Ng7+ 1/2-1/2

[Event "Quebec op U2400"]
[Site "Montreal CAN"]
[Date "2008.07.22"]
[Round "4"]
[White "Barron, Michael"]
[Black "Bluvshtein, Ilia"]
[Result "1-0"]
[WhiteElo "2251"]
[BlackElo "2117"]
[PlyCount "31"]
[GameId "2160767910353683"]
[EventDate "2008.07.19"]
[EventType "swiss"]
[EventRounds "9"]
[EventCountry "CAN"]
[SourceTitle "EXT 2011"]
[Source "ChessBase"]
[SourceDate "2011.11.26"]
[SourceVersion "1"]
[SourceVersionDate "2011.11.26"]
[SourceQuality "1"]

1. e4 e5 2. Nf3 Nc6 3. Bb5 f5 4. Nc3 Nf6 5. exf5 e4 6. Nh4 Nd4 7. Ba4 Bc5 8. d3 O-O 9. dxe4 Re8 10. O-O Nxe4 11. g3 d6 12. Be3 Qf6 13. Nxe4 Rxe4 14. c3 d5 15. cxd4 Bd6 16. Qh5 1-0

[Event "Quebec op U2400"]
[Site "Montreal CAN"]
[Date "2008.07.22"]
[Round "4"]
[White "Gordon, David"]
[Black "Groleau, Gilles"]
[Result "1-0"]
[WhiteElo "2236"]
[BlackElo "1930"]
[PlyCount "85"]
[GameId "2160767910353684"]
[EventDate "2008.07.19"]
[EventType "swiss"]
[EventRounds "9"]
[EventCountry "CAN"]
[SourceTitle "EXT 2011"]
[Source "ChessBase"]
[SourceDate "2011.11.26"]
[SourceVersion "1"]
[SourceVersionDate "2011.11.26"]
[SourceQuality "1"]

1. d4 Nf6 2. Bg5 d5 3. Bxf6 exf6 4. e3 c6 5. c4 Bb4+ 6. Nc3 Qa5 7. Qb3 Be6 8. a3 Na6 9. Rc1 Bxc3+ 10. Qxc3 Qxc3+ 11. Rxc3 dxc4 12. Bxc4 Bxc4 13. Rxc4 O-O 14. Ne2 Rac8 15. b4 Nc7 16. Kd2 Nb5 17. Ra1 Nd6 18. Rc2 a5 19. Kd3 axb4 20. axb4 Ra8 21. Rca2 Rxa2 22. Rxa2 f5 23. Nc1 g6 24. Nb3 Kg7 25. Nc5 Re8 26. Ra7 Re7 27. Ra8 b5 28. Ra6 Ne4 29. f3 Nxc5+ 30. bxc5 Rc7 31. Kc3 g5 32. g4 fxg4 33. fxg4 f6 34. Kb4 Kg6 35. Ka5 h5 36. Kb6 Re7 37. Kxc6 b4 38. d5 hxg4 39. d6 Rxe3 40. Kc7 g3 41. hxg3 b3 42. d7 b2 43. Rb6 1-0

[Event "Quebec op U2400"]
[Site "Montreal CAN"]
[Date "2008.07.22"]
[Round "4"]
[White "Gueorguiev, Valentin"]
[Black "Fareh, Youness"]
[Result "1/2-1/2"]
[WhiteElo "1653"]
[BlackElo "2178"]
[PlyCount "95"]
[GameId "2160767910353685"]
[EventDate "2008.07.19"]
[EventType "swiss"]
[EventRounds "9"]
[EventCountry "CAN"]
[SourceTitle "EXT 2011"]
[Source "ChessBase"]
[SourceDate "2011.11.26"]
[SourceVersion "1"]
[SourceVersionDate "2011.11.26"]
[SourceQuality "1"]

1. c4 Nf6 2. g3 g6 3. Bg2 Bg7 4. Nc3 c6 5. Nf3 O-O 6. O-O d5 7. cxd5 cxd5 8. d4 Nc6 9. Bf4 Bf5 10. Rc1 Rc8 11. Ne5 Ne4 12. Nxe4 Bxe4 13. Nxc6 Rxc6 14. Rxc6 bxc6 15. Bh3 Qb6 16. Be3 Qxb2 17. Bd7 Qb7 18. Bh3 Bf5 19. Bxf5 gxf5 20. Qc2 e6 21. Rb1 Qa6 22. h4 Rc8 23. h5 h6 24. Qd2 Kh7 25. Qc2 Rg8 26. Kf1 Bf6 27. Rc1 Qb6 28. Qa4 Rc8 29. Rc2 Bg5 30. f4 Bf6 31. Rc1 a6 32. Kf2 Be7 33. Qc2 Bf6 34. Qa4 Qb5 35. Qc2 Kh8 36. Rb1 Qa5 37. Rb7 Kg8 38. a4 c5 39. dxc5 d4 40. Bd2 Qxc5 41. Qxc5 Rxc5 42. Rb6 Rc2 43. Ke1 a5 44. Rb5 Ra2 45. Rxa5 Ra1+ 46. Kf2 Ra2 47. Ke1 Ra1+ 48. Kf2 1/2-1/2

[Event "Quebec op U2400"]
[Site "Montreal CAN"]
[Date "2008.07.22"]
[Round "4"]
[White "Khassanov, Marat"]
[Black "Hayder, Ali"]
[Result "1-0"]
[WhiteElo "2312"]
[BlackElo "2095"]
[PlyCount "79"]
[GameId "2160767910353686"]
[EventDate "2008.07.19"]
[EventType "swiss"]
[EventRounds "9"]
[EventCountry "CAN"]
[SourceTitle "EXT 2011"]
[Source "ChessBase"]
[SourceDate "2011.11.26"]
[SourceVersion "1"]
[SourceVersionDate "2011.11.26"]
[SourceQuality "1"]

1. e4 d6 2. d4 Nf6 3. Nc3 e5 4. Nf3 exd4 5. Nxd4 Be7 6. Be3 O-O 7. f3 a6 8. Qd2 b5 9. O-O-O c5 10. Nde2 b4 11. Nd5 Nxd5 12. Qxd5 Ra7 13. Nf4 Nd7 14. Qd2 Bb7 15. Bc4 Nb6 16. Qe2 Qc7 17. Kb1 a5 18. g4 Bf6 19. g5 Be5 20. Nd5 Bxd5 21. Bxd5 Na4 22. Bc1 Rb8 23. f4 Bd4 24. h4 Qe7 25. h5 Nb6 26. Qf3 Nxd5 27. exd5 Re8 28. Bd2 Qd8 29. Rhe1 c4 30. Rxe8+ Qxe8 31. Re1 Re7 32. Rxe7 Qxe7 33. f5 Qe5 34. c3 Bc5 35. Kc2 Qe8 36. Qg4 Qd7 37. Qe4 Qa4+ 38. Kc1 Qd7 39. f6 Kf8 40. Qxh7 1-0

[Event "Quebec op U2400"]
[Site "Montreal CAN"]
[Date "2008.07.22"]
[Round "4"]
[White "Le Duin, Thierry"]
[Black "Villalobos, Oscar"]
[Result "0-1"]
[WhiteElo "2096"]
[BlackElo "2028"]
[PlyCount "82"]
[GameId "2160767910353688"]
[EventDate "2008.07.19"]
[EventType "swiss"]
[EventRounds "9"]
[EventCountry "CAN"]
[SourceTitle "EXT 2011"]
[Source "ChessBase"]
[SourceDate "2011.11.26"]
[SourceVersion "1"]
[SourceVersionDate "2011.11.26"]
[SourceQuality "1"]

1. d4 Nf6 2. Nf3 g6 3. Bg5 Bg7 4. e3 d6 5. Bc4 c5 6. c3 Qb6 7. Qb3 O-O 8. Nbd2 Nc6 9. O-O Bg4 10. h3 Bxf3 11. Nxf3 Qc7 12. Bd3 Na5 13. Qc2 c4 14. Be2 b5 15. Nd2 e5 16. Bf3 Rac8 17. a4 Rb8 18. Rfb1 b4 19. Qd1 Nd7 20. Bd5 Nb6 21. Bf3 b3 22. Qf1 Rbc8 23. Ra3 f5 24. Bh4 e4 25. Be2 Qd7 26. Bg3 Rf7 27. Qc1 Bf8 28. Rba1 d5 29. f3 Bxa3 30. Rxa3 a6 31. fxe4 dxe4 32. Bf4 Nd5 33. Qf1 Nb6 34. Kh1 Qd5 35. Kg1 Rf6 36. Be5 Rfc6 37. Qf4 Nd7 38. Kf2 Nxe5 39. Qxe5 Qxe5 40. dxe5 Kf7 41. Ra1 Ke6 0-1